000 00597nam a22001817a 4500
003 UA-OsUOA
001 18413
007 ta
008 20040510b un ||||| |||| 00| 0 ukr d
100 _aЖайворон О.
942 _cSA
040 _aUA-OsUOA
_cUA-OsUOA
_dUA-OsUOA
245 _aКузня робітничих кадрів: [Про Здолбунів. проф. ліцей залізнич. транспорту]
300 _aС.3
955 _a0
773 0 _w0
_tНове життя
_dЗдолбунів
_d2004
_g№32/332/24 квіт./
650 7 _aКраєзнавча робота
_2UDC
999 _c304584
_d304584